| 000 | 00333nam a2200133Ia 4500 | ||
|---|---|---|---|
| 008 | 210210b2005 xxu||||| |||| 00| 0 eng d | ||
| 082 | _aT894.3 KUDG | ||
| 100 | _aKUDREPPADI JAGANNATHA ALVA. | ||
| 245 | _aGuttuda gauravo. | ||
| 260 |
_aMangaluru _bJe Ti Printers _c2005 |
||
| 300 | _a96 | ||
| 690 | _aTulu Fiction | ||
| 906 | _a061649 | ||
| 999 |
_c108384 _d108384 |
||